000 02032cam a22002294a 4500
005 20250605164019.0
008 250528s ||||||||||||||||||||||||d
035 _a16287
020 _a053498309X
040 _aGR-AtMCL
_bgre
_dGR-AtMCL
_eAACR2
245 1 _aManagerial Accounting / Sixth Edition
250 _a6th
260 _bPws-Kent Publishing Company,
_c1991
300 _a836
505 0 _aIntroduction, Volume-Cost-Profit Analysis and Decision Making, Profit Planning, Analyzing Cost Behavior, Additional Aspects of Volume-Cost-Profit Analysis, Short-Term Decisions and Accounting Information, Budgeting, Operational Budgeting, Financial Budgeting, Capital Budgeting, Control and Performance Evaluation, Responsibility Accounting, Divisional Performance Measurement, Control and Evaluation of Cost Centers, Product Costing, Introduction to Product Costing: Job-Order Costing, Standard Costing: Absorption and Variable, Process Costing and the Cost Accounting Cycle, Special Topics, Quantitative Methods and Managerial Accounting, Statement of Cash Flows, Analyzing Financial Statements, Appendix: Time Value of Money, Index.
520 _aIntroduction, Volume-Cost-Profit Analysis and Decision Making, Profit Planning, Analyzing Cost Behavior, Additional Aspects of Volume-Cost-Profit Analysis, Short-Term Decisions and Accounting Information, Budgeting, Operational Budgeting, Financial Budgeting, Capital Budgeting, Control and Performance Evaluation, Responsibility Accounting, Divisional Performance Measurement, Control and Evaluation of Cost Centers, Product Costing, Introduction to Product Costing: Job-Order Costing, Standard Costing: Absorption and Variable, Process Costing and the Cost Accounting Cycle, Special Topics, Quantitative Methods and Managerial Accounting, Statement of Cash Flows, Analyzing Financial Statements, Appendix: Time Value of Money, Index.
700 1 _aDominiak Geraldine F
_92369
700 1 _aLouderback Joseph G.
_92370
942 _cBK
999 _c1804
_d1804